Welcome to CU Library Online Public Access Catalogue (OPAC)

The case for Christ : (Record no. 6173)

MARC details
000 -LEADER
fixed length control field 00913cam a2200229 a 4500
001 - CONTROL NUMBER
control field 4978474
005 - DATE AND TIME OF LATEST TRANSACTION
control field 20250603085645.0
008 - FIXED-LENGTH DATA ELEMENTS--GENERAL INFORMATION
fixed length control field 980429s1998 miu b 001 0 eng
020 ## - INTERNATIONAL STANDARD BOOK NUMBER
International Standard Book Number 0310209307 (pbk. : alk. paper)
020 ## - INTERNATIONAL STANDARD BOOK NUMBER
International Standard Book Number 0310226465 (hbk. : alk. paper)
020 ## - INTERNATIONAL STANDARD BOOK NUMBER
Canceled/invalid ISBN 9780310296041
Qualifying information ebook
050 00 - LIBRARY OF CONGRESS CALL NUMBER
Classification number BT202
Item number .S82 1998
082 00 - DEWEY DECIMAL CLASSIFICATION NUMBER
Classification number 232.9/08
Edition information 21
100 1# - MAIN ENTRY--PERSONAL NAME
Personal name Strobel, Lee,
Dates associated with a name 1952-
245 14 - TITLE STATEMENT
Title The case for Christ :
Remainder of title a journalist's personal investigation of the evidence for Jesus /
Statement of responsibility, etc. Lee Strobel.
260 ## - PUBLICATION, DISTRIBUTION, ETC.
Place of publication, distribution, etc. Grand Rapids, MI :
Name of publisher, distributor, etc. Zondervan,
Date of publication, distribution, etc. c1998.
300 ## - PHYSICAL DESCRIPTION
Extent 303 p. ;
Dimensions 23 cm.
856 42 - ELECTRONIC LOCATION AND ACCESS
Materials specified Publisher description
Uniform Resource Identifier <a href="http://www.loc.gov/catdir/enhancements/fy0633/98007642-d.html">http://www.loc.gov/catdir/enhancements/fy0633/98007642-d.html</a>
856 41 - ELECTRONIC LOCATION AND ACCESS
Materials specified Table of contents only
Uniform Resource Identifier <a href="http://www.loc.gov/catdir/enhancements/fy0633/98007642-t.html">http://www.loc.gov/catdir/enhancements/fy0633/98007642-t.html</a>
856 41 - ELECTRONIC LOCATION AND ACCESS
Materials specified Sample text
Uniform Resource Identifier <a href="http://www.loc.gov/catdir/enhancements/fy0642/98007642-s.html">http://www.loc.gov/catdir/enhancements/fy0642/98007642-s.html</a>
942 ## - ADDED ENTRY ELEMENTS (KOHA)
Source of classification or shelving scheme Library of Congress Classification
Koha item type Books
Suppress in OPAC No
999 ## -
-- 6173
-- 6173
Holdings
Withdrawn status Lost status Source of classification or shelving scheme Damaged status Not for loan Collection Home library Current library Shelving location Date acquired Total checkouts Full call number Barcode Date last seen Copy number Price effective from Koha item type
    Library of Congress Classification     Non-fiction Undergraduate Library (Christ Temple) Undergraduate Library (Christ Temple) General stacks 06/03/2025   BT202 STR ulct00002893 06/03/2025 1 06/03/2025 Books
© 2023-2024 Copyright: Central University Libraries. All Rights Reserved | Created by: Mahone Tech Office